Ч. 2: Технологические схемы приготовления промышленных катализаторов; Технология катализаторов

Xehetasun bibliografikoak
Parent link:Технология катализаторов: учебное пособие/ В. В. Коробочкин; Томский политехнический университет (ТПУ). Ч. 2: Технологические схемы приготовления промышленных катализаторов.— , 2008
Gaia:В учебном пособии рассматриваются технологические схемы приготовления контактных масс для процессов крупнотоннажных производств неорганических веществ. Описаны виды исходного сырья и стадии приготовления катализаторов, технологические режимы процессов в основных аппаратах. Рассмотрены условия восстановления контактных масс применительно к конкретным катализаторам ТНВ. Приведены основные марки катализаторов, производимых в настоящее время в России, для процессов конверсии, синтеза и очистки технологических и отходящих газов производств базовой химии. Пособие предназначено для студентов специальности 240301 «Химическая технология неорганических веществ». Изложенный материал может быть полезен студентам, изучающим дисциплину «Общая химическая технология».
Hizkuntza:errusiera
Argitaratua: 2008
Gaiak:
Formatua: MixedMaterials Liburua
KOHA link:https://koha.lib.tpu.ru/cgi-bin/koha/opac-detail.pl?biblionumber=143079

MARC

LEADER 00000nam2a2200000 4500
001 143079
005 20231101221014.0
035 |a (RuTPU)RU\TPU\book\155046 
090 |a 143079 
100 |a 20080916d2008 m y0rusy50 ca 
101 0 |a rus 
102 |a RU 
105 |a a j 001zy 
200 0 |a Ч. 2: Технологические схемы приготовления промышленных катализаторов 
210 |d 2008 
215 |a 90 с.  |c ил. 
320 |a Библиогр.: с. 89. 
330 |a В учебном пособии рассматриваются технологические схемы приготовления контактных масс для процессов крупнотоннажных производств неорганических веществ. Описаны виды исходного сырья и стадии приготовления катализаторов, технологические режимы процессов в основных аппаратах. Рассмотрены условия восстановления контактных масс применительно к конкретным катализаторам ТНВ. Приведены основные марки катализаторов, производимых в настоящее время в России, для процессов конверсии, синтеза и очистки технологических и отходящих газов производств базовой химии. Пособие предназначено для студентов специальности 240301 «Химическая технология неорганических веществ». Изложенный материал может быть полезен студентам, изучающим дисциплину «Общая химическая технология». 
461 1 |0 (RuTPU)RU\TPU\book\121808  |t Технология катализаторов  |o учебное пособие  |f В. В. Коробочкин  |g Томский политехнический университет (ТПУ)  |v Ч. 2: Технологические схемы приготовления промышленных катализаторов  |d 2008  |s Учебники Томского политехнического университета 
606 1 |a Катализаторы  |x Производство  |2 stltpush  |3 (RuTPU)RU\TPU\subj\31837  |9 54586 
610 1 |a химическая технология 
610 1 |a углеводородное сырье 
610 1 |a конверсия 
610 1 |a аммиак 
610 1 |a синтез 
610 1 |a окисление 
610 1 |a неплатиновые катализаторы 
610 1 |a метанол 
610 1 |a хвостовые газы 
610 1 |a очистка 
610 1 |a учебные пособия 
610 1 |a труды учёных ТПУ 
675 |a 66.097.3(075.8)  |v 3 
801 1 |a RU  |b 63413507  |c 20080916  |g PSBO 
801 2 |a RU  |b 63413507  |c 20201021  |g PSBO 
900 |a Катализ и технология катализаторов 
942 |c BK